000 00811nam a22002657a 4500
001 2044
005 20231103114916.0
020 _a9780439680905
040 _aFISKH
_beng
_cFISKH
_dFISKH
050 _aPZ7.R8139
082 _a813.54
100 _aRoy, Ron
_d1940-
245 _aThe vampire's vacation /
_cA to Z mysteries by Ron Roy
260 _aNew York :
_bScholastic,
_c2004
300 _a84 pages :
_c19 cm
490 _3A to Z Mysteries
505 _aL
520 _aDink, Josh, and Ruth Rose investigate a mysterious man in black who Josh believes is a vampire.
521 _a590
_bLexile
521 _aL
_bRaz-Plus
650 _2Vampire
_aJuvenile Fiction
650 _2Vacation
_aJuvenile Fiction
700 _aGurney. John Steven
_cillustrator
942 _2ddc
_cBK
_eFirst Scholastic Edition
_n0
999 _c2044
_d2044